[Event "RUS-Cup8"]
[Site "Smolensk"]
[Date "1997.??.??"]
[Round "4"]
[White "Kharlov, Andrei"]
[Black "Newerovski, Gennadi"]
[Result "1/2-1/2"]
[WhiteElo "2555"]
[BlackElo "2370"]
[PlyCount "113"]
[EventDate "1997.06.13"]
[EventType "swiss"]
[EventRounds "9"]
[EventCountry "RUS"]
[SourceTitle "CBM 058 ext"]
[Source "ChessBase"]
[SourceDate "1997.07.29"]
[SourceVersion "1"]
[SourceVersionDate "1997.07.29"]
[SourceQuality "1"]

1. e4 c5 2. Nf3 d6 3. d4 cxd4 4. Nxd4 Nf6 5. Nc3 a6 6. Be2 e6 7. a4 Nc6 8. Be3
Be7 9. O-O O-O 10. f4 Qc7 11. Kh1 Bd7 12. Nb3 Na5 13. e5 Ne8 14. Nxa5 Qxa5 15.
Ne4 Qc7 16. Bd4 f6 17. exf6 Nxf6 18. Bd3 e5 19. fxe5 dxe5 20. Nxf6+ Bxf6 21.
Bc3 Bc6 22. Qg4 e4 23. Bxe4 Bxc3 24. bxc3 Rxf1+ 25. Rxf1 Re8 26. Bd3 Qe5 27.
Qc4+ Qd5 28. a5 Qxc4 29. Bxc4+ Kh8 30. Kg1 g6 31. Rf6 Re5 32. Bxa6 Rxa5 33. Bd3
Kg7 34. Re6 Rg5 35. g3 Kf7 36. Bc4 Bd5 37. Re4 Kf6 38. Rf4+ Ke6 39. Bb3 Re5 40.
Kf2 Ke7 41. Bxd5 Rxd5 42. Ke2 Ke6 43. Rb4 Re5+ 44. Kd3 Rd5+ 45. Ke3 Rd7 46. Rb5
Kf6 47. h4 h5 48. c4 Rc7 49. Kd4 Ke6 50. Re5+ Kf6 51. c5 Rd7+ 52. Rd5 Re7 53.
Rd6+ Kf5 54. c6 bxc6 55. Rxc6 Re4+ 56. Kd3 Rg4 57. Rc5+ 1/2-1/2

[Event "RUS-Cup8"]
[Site "Smolensk"]
[Date "1997.??.??"]
[Round "5"]
[White "Iskusnyh, Sergei"]
[Black "Kharlov, Andrei"]
[Result "1-0"]
[WhiteElo "2440"]
[BlackElo "2555"]
[PlyCount "57"]
[EventDate "1997.06.13"]
[EventType "swiss"]
[EventRounds "9"]
[EventCountry "RUS"]
[SourceTitle "CBM 058 ext"]
[Source "ChessBase"]
[SourceDate "1997.07.29"]
[SourceVersion "1"]
[SourceVersionDate "1997.07.29"]
[SourceQuality "1"]

1. d4 d5 2. c4 dxc4 3. e3 Nf6 4. Bxc4 e6 5. Nf3 c5 6. Qe2 Nc6 7. dxc5 Bxc5 8.
O-O O-O 9. a3 Bd6 10. e4 Ng4 11. Nc3 Nge5 12. Nxe5 Bxe5 13. Be3 Bxc3 14. bxc3
b6 15. f4 Bb7 16. f5 exf5 17. Rxf5 Na5 18. Bxf7+ Rxf7 19. Rxf7 Kxf7 20. Qa2+
Bd5 21. exd5 Qd6 22. c4 Kg8 23. Rf1 Rc8 24. Qf2 Qd7 25. c5 bxc5 26. d6 Qxd6 27.
Qf5 Qd8 28. Bxc5 Nc6 29. Qe6+ 1-0

[Event "RUS-Cup8"]
[Site "Smolensk"]
[Date "1997.??.??"]
[Round "6"]
[White "Kharlov, Andrei"]
[Black "Komissarov, I."]
[Result "1-0"]
[WhiteElo "2555"]
[BlackElo "2320"]
[PlyCount "90"]
[EventDate "1997.06.13"]
[EventType "swiss"]
[EventRounds "9"]
[EventCountry "RUS"]
[SourceTitle "CBM 058 ext"]
[Source "ChessBase"]
[SourceDate "1997.07.29"]
[SourceVersion "1"]
[SourceVersionDate "1997.07.29"]
[SourceQuality "1"]

1. e4 e5 2. Nf3 Nc6 3. Bb5 a6 4. Ba4 Nf6 5. O-O Be7 6. Re1 b5 7. Bb3 O-O 8. d3
d6 9. c3 Be6 10. Nbd2 Bxb3 11. Qxb3 Nd7 12. Nf1 Nc5 13. Qc2 Ne6 14. a4 b4 15.
Ne3 Nf4 16. Nd5 b3 17. Nxe7+ Nxe7 18. Qd1 Neg6 19. Bxf4 Nxf4 20. g3 Nh3+ 21.
Kg2 Qd7 22. d4 exd4 23. Nxd4 Ng5 24. h4 Qh3+ 25. Kg1 Ne6 26. Qxb3 Rab8 27. Qc2
Nxd4 28. cxd4 f5 29. exf5 Qxf5 30. Qd2 Rb4 31. Re2 c5 32. dxc5 dxc5 33. Qe3 c4
34. Qd4 Qd3 35. Qxd3 cxd3 36. Rd2 Rd8 37. Ra3 Kf7 38. Kg2 Ke6 39. Kf3 Ke5 40.
a5 h5 41. Raxd3 Rxd3+ 42. Rxd3 Rxb2 43. Rd7 Rb3+ 44. Kg2 Rb5 45. Rxg7 Kd4 1-0

[Event "RUS-Cup8"]
[Site "Smolensk"]
[Date "1997.??.??"]
[Round "7"]
[White "Zakharov, Alexander"]
[Black "Kharlov, Andrei"]
[Result "0-1"]
[WhiteElo "2330"]
[BlackElo "2555"]
[PlyCount "74"]
[EventDate "1997.06.13"]
[EventType "swiss"]
[EventRounds "9"]
[EventCountry "RUS"]
[SourceTitle "CBM 058 ext"]
[Source "ChessBase"]
[SourceDate "1997.07.29"]
[SourceVersion "1"]
[SourceVersionDate "1997.07.29"]
[SourceQuality "1"]

1. e4 c5 2. c3 d5 3. exd5 Qxd5 4. d4 Nc6 5. Nf3 Bg4 6. Be2 cxd4 7. cxd4 e6 8.
Nc3 Qa5 9. h3 Bh5 10. d5 exd5 11. Nd4 Bxe2 12. Qxe2+ Be7 13. Nf5 d4 14. Nd6+
Kf8 15. Nc4 Qf5 16. Ne4 Rd8 17. O-O Nf6 18. Nxf6 Bxf6 19. Qg4 Qd5 20. b3 h5 21.
Ba3+ Kg8 22. Qg3 Rh6 23. Qd3 Rg6 24. f3 Bg5 25. Kh1 Bf4 26. Bc1 Qg5 27. Rg1
Bxc1 28. Raxc1 b5 29. Na3 a6 30. Qe4 Re6 31. f4 Rxe4 32. fxg5 d3 33. Nb1 Nb4
34. a3 Nd5 35. Rcd1 Nf4 36. Rge1 Re2 37. Rxe2 dxe2 0-1

[Event "RUS-Cup8"]
[Site "Smolensk"]
[Date "1997.??.??"]
[Round "8"]
[White "Kharlov, Andrei"]
[Black "Yandemirov, Valeri"]
[Result "1-0"]
[WhiteElo "2555"]
[BlackElo "2500"]
[PlyCount "81"]
[EventDate "1997.06.13"]
[EventType "swiss"]
[EventRounds "9"]
[EventCountry "RUS"]
[SourceTitle "CBM 058 ext"]
[Source "ChessBase"]
[SourceDate "1997.07.29"]
[SourceVersion "1"]
[SourceVersionDate "1997.07.29"]
[SourceQuality "1"]

1. g3 g6 2. Bg2 Bg7 3. e4 c5 4. f4 Nc6 5. d3 d6 6. Nf3 e5 7. O-O h5 8. c3 h4 9.
gxh4 Bg4 10. h3 Bxf3 11. Qxf3 Qxh4 12. Na3 O-O-O 13. Nc4 Nf6 14. Be3 Nh5 15.
fxe5 Nxe5 16. Nxe5 dxe5 17. Qxf7 Rxd3 18. Qc4 Rxe3 19. Qxc5+ Kb8 20. Qxe3 Bh6
21. Qc5 Qg5 22. Rf7 Rc8 23. Qb4 Rc7 24. Qd6 Qe3+ 25. Kh1 Qc5 26. Qxc5 Rxc5 27.
Bf3 Nf4 28. Rd1 a5 29. Rh7 Bg5 30. h4 Bf6 31. Rd6 Rc6 32. Rxc6 bxc6 33. Kh2 Bd8
34. Kg3 Bb6 35. Bd1 Bc7 36. b4 axb4 37. cxb4 Bd6 38. Ba4 Bxb4 39. Bxc6 Nh5+ 40.
Kf3 Be1 41. a4 1-0

[Event "RUS-Cup8"]
[Site "Smolensk"]
[Date "1997.??.??"]
[Round "9"]
[White "Asrian, Karen"]
[Black "Kharlov, Andrei"]
[Result "1/2-1/2"]
[WhiteElo "2440"]
[BlackElo "2555"]
[PlyCount "84"]
[EventDate "1997.06.13"]
[EventType "swiss"]
[EventRounds "9"]
[EventCountry "RUS"]
[SourceTitle "CBM 058 ext"]
[Source "ChessBase"]
[SourceDate "1997.07.29"]
[SourceVersion "1"]
[SourceVersionDate "1997.07.29"]
[SourceQuality "1"]

1. e4 e5 2. Nf3 Nc6 3. Bb5 a6 4. Ba4 Nf6 5. O-O Be7 6. Re1 b5 7. Bb3 d6 8. c3
O-O 9. h3 Bb7 10. d4 Re8 11. Ng5 Rf8 12. Nf3 Re8 13. Nbd2 Bf8 14. a4 h6 15. Bc2
Qd7 16. d5 Ne7 17. c4 c6 18. b3 Qc7 19. Nf1 Nd7 20. Ba3 cxd5 21. cxd5 f5 22.
Rc1 b4 23. Bxb4 fxe4 24. Bxe4 Qb6 25. Ba3 Nf6 26. N1d2 Nxe4 27. Nxe4 Nxd5 28.
Nh4 Nf4 29. Nxd6 Rad8 30. a5 Qxa5 31. Nxb7 Rxd1 32. Nxa5 Rxe1+ 33. Rxe1 Bxa3
34. Nc4 Bb4 35. Re4 Nd3 36. Nb2 Nxb2 37. Rxb4 Nd3 38. Rb6 Rf8 39. Rd6 e4 40. f3
Rf6 41. Rd8+ Rf8 42. Rd6 Rf6 1/2-1/2

[Event "Biel MTO op"]
[Site "Biel"]
[Date "1997.??.??"]
[Round "1"]
[White "Heinis, Vincent"]
[Black "Kharlov, Andrei"]
[Result "0-1"]
[WhiteElo "2285"]
[BlackElo "2565"]
[PlyCount "65"]
[EventDate "1997.07.21"]
[EventType "swiss"]
[EventRounds "11"]
[EventCountry "SUI"]
[SourceTitle "CBM 060 ext"]
[Source "ChessBase"]
[SourceDate "1997.11.04"]
[SourceVersion "1"]
[SourceVersionDate "1997.11.04"]
[SourceQuality "1"]

1. d4 Nf6 2. c4 e6 3. Nf3 d5 4. Nc3 dxc4 5. e4 Bb4 6. Bg5 c5 7. Bxc4 cxd4 8.
Nxd4 Nbd7 9. O-O Bxc3 10. bxc3 Qa5 11. Bxf6 Nxf6 {[#]} 12. Bb5+ Bd7 13. e5 Bxb5
14. Nxb5 Qxb5 15. exf6 gxf6 16. Rb1 Qc6 17. Qd4 e5 18. Qg4 h5 19. Qh3 Rd8 20.
Rfd1 Ke7 21. Rxd8 Rxd8 22. Qxh5 Rd3 23. h4 b6 24. Qe2 Rxc3 25. Qa6 Qc7 26. h5
Kf8 27. a4 Kg7 28. a5 bxa5 29. h6+ Kg6 30. h7 Kxh7 31. Rb7 Qd8 32. Rxf7+ Kg6
33. Qxa7 0-1

[Event "Biel MTO op"]
[Site "Biel"]
[Date "1997.??.??"]
[Round "2"]
[White "Kharlov, Andrei"]
[Black "Sedina, Elena"]
[Result "1-0"]
[WhiteElo "2565"]
[BlackElo "2400"]
[PlyCount "61"]
[EventDate "1997.07.21"]
[EventType "swiss"]
[EventRounds "11"]
[EventCountry "SUI"]
[SourceTitle "CBM 060 ext"]
[Source "ChessBase"]
[SourceDate "1997.11.04"]
[SourceVersion "1"]
[SourceVersionDate "1997.11.04"]
[SourceQuality "1"]

1. d4 Nf6 2. Nf3 d5 3. c4 c6 4. Qb3 Qb6 5. Nc3 Qxb3 6. axb3 Na6 7. Bf4 Bf5 8.
c5 Nh5 9. Bd2 Bc2 10. e4 dxe4 11. Bxa6 bxa6 12. Ne5 Bxb3 13. Rxa6 f6 14. Nxc6
e5 15. dxe5 fxe5 16. Na5 Bf7 17. b4 Nf4 18. Bxf4 exf4 19. Nxe4 Be7 20. Nd6+
Bxd6 21. Rxd6 O-O 22. Kd2 Rfe8 23. Re1 Rxe1 24. Kxe1 Kf8 25. Kd2 Ke8 26. Kc3 g5
27. Kd4 Bg6 28. Nc6 a6 29. Ke5 Rc8 30. Kf6 Bc2 31. Nd4 1-0

[Event "Biel MTO op"]
[Site "Biel"]
[Date "1997.??.??"]
[Round "3"]
[White "Petkevich, Jusefs"]
[Black "Kharlov, Andrei"]
[Result "1/2-1/2"]
[WhiteElo "2440"]
[BlackElo "2565"]
[PlyCount "126"]
[EventDate "1997.07.21"]
[EventType "swiss"]
[EventRounds "11"]
[EventCountry "SUI"]
[SourceTitle "CBM 060 ext"]
[Source "ChessBase"]
[SourceDate "1997.11.04"]
[SourceVersion "1"]
[SourceVersionDate "1997.11.04"]
[SourceQuality "1"]

1. d4 d6 2. Nf3 Bg4 3. g3 Bxf3 4. exf3 c6 5. c4 g6 6. Nc3 Bg7 7. Be3 Nd7 8. Qd2
Ngf6 9. h4 a6 10. g4 b5 11. g5 Nh5 12. f4 Nb6 13. b3 bxc4 14. bxc4 d5 15. c5
Nc4 16. Bxc4 dxc4 17. Rd1 O-O 18. Qe2 Qb8 19. Rb1 Qc7 20. Qf3 Qa5 21. Rc1 Rad8
22. Qe4 Qc7 23. Ne2 Rb8 24. Rxc4 Qa5+ 25. Nc3 Rb4 26. Qd3 Rd8 27. Rxb4 Qxb4 28.
O-O Qxc5 29. dxc5 Rxd3 30. Ne2 f5 31. Rb1 e5 32. fxe5 Bxe5 33. Rb4 Kf7 34. Ra4
Ke6 35. Kg2 Kd5 36. Ng3 Rc3 37. Ne2 Rc4 38. Rxa6 f4 39. Bc1 Ke4 40. Ra3 Ng7 41.
f3+ Kf5 42. Rd3 Rxc5 43. Rd2 Ke6 44. Bb2 Nf5 45. Kh3 Rd5 46. Rxd5 cxd5 47. Bxe5
Kxe5 48. a4 d4 49. Nc1 Kd5 50. a5 Kc5 51. Kg4 Kb5 52. Nb3 Kb4 53. Nxd4 Nxd4 54.
a6 Nc6 55. Kxf4 Kc5 56. h5 Kb6 57. hxg6 hxg6 58. Ke4 Kxa6 59. f4 Ne7 60. Ke5
Nf5 61. Kf6 Nh4 62. f5 gxf5 63. g6 Nxg6 1/2-1/2

[Event "Biel MTO op"]
[Site "Biel"]
[Date "1997.??.??"]
[Round "4"]
[White "Kharlov, Andrei"]
[Black "Jaracz, Pawel"]
[Result "1-0"]
[WhiteElo "2565"]
[BlackElo "2445"]
[PlyCount "53"]
[EventDate "1997.07.21"]
[EventType "swiss"]
[EventRounds "11"]
[EventCountry "SUI"]
[SourceTitle "CBM 060 ext"]
[Source "ChessBase"]
[SourceDate "1997.11.04"]
[SourceVersion "1"]
[SourceVersionDate "1997.11.04"]
[SourceQuality "1"]

1. d4 Nf6 2. c4 e6 3. Nc3 Bb4 4. e3 c5 5. Nge2 b6 6. a3 Ba5 7. Bd2 Na6 8. Ng3
O-O 9. Bd3 d5 10. cxd5 cxd4 11. exd4 Bxc3 12. bxc3 Qxd5 13. Qe2 Nc7 14. Ne4
Nce8 15. c4 Qxd4 16. Bc3 Qd7 17. Rd1 Qc7 18. O-O Bb7 19. Nxf6+ Nxf6 20. Bxf6
gxf6 21. Bxh7+ Kh8 22. Qh5 Rfd8 23. Qh6 Rab8 24. Rd3 Rxd3 25. Bxd3+ Kg8 26.
Bh7+ Kh8 27. Rd1 1-0

[Event "Biel MTO op"]
[Site "Biel"]
[Date "1997.??.??"]
[Round "6"]
[White "Kharlov, Andrei"]
[Black "Glek, Igor"]
[Result "1-0"]
[WhiteElo "2565"]
[BlackElo "2505"]
[PlyCount "77"]
[EventDate "1997.07.21"]
[EventType "swiss"]
[EventRounds "11"]
[EventCountry "SUI"]
[SourceTitle "CBM 060 ext"]
[Source "ChessBase"]
[SourceDate "1997.11.04"]
[SourceVersion "1"]
[SourceVersionDate "1997.11.04"]
[SourceQuality "1"]

{Torero} 1. d4 Nf6 2. c4 g6 3. Nc3 Bg7 4. e4 d6 5. h3 O-O 6. Be3 e5 7. d5 a5 8.
g4 Na6 9. Nge2 c6 10. Ng3 Bd7 11. g5 Ne8 12. h4 Nc5 13. h5 a4 14. Qd2 Qa5 15.
f3 a3 16. b3 Nc7 17. Rc1 Rfe8 18. hxg6 hxg6 19. Kd1 Qb4 20. Bd3 Reb8 21. Bb1 b5
22. Qh2 Nxb3 23. Qh7+ Kf8 {[#]} 24. Nf5 gxf5 25. exf5 Bxf5 26. Qxf5 Nxd5 27.
cxd5 Nd4 28. Qe4 c5 29. Rh7 Qb2 {[#]} 30. Rxg7 Qg2 31. Bxd4 exd4 32. Rxf7+ Kxf7
33. Qg6+ Kf8 34. Qxd6+ Kg8 35. Qg6+ Kf8 36. Qh6+ Ke8 37. Qg6+ Kd8 38. Qh6 Ke8
39. Bg6+ 1-0

[Event "Biel MTO op"]
[Site "Biel"]
[Date "1997.??.??"]
[Round "7"]
[White "Kharlov, Andrei"]
[Black "Tischbierek, Raj"]
[Result "1-0"]
[WhiteElo "2565"]
[BlackElo "2515"]
[PlyCount "101"]
[EventDate "1997.07.21"]
[EventType "swiss"]
[EventRounds "11"]
[EventCountry "SUI"]
[SourceTitle "CBM 060 ext"]
[Source "ChessBase"]
[SourceDate "1997.11.04"]
[SourceVersion "1"]
[SourceVersionDate "1997.11.04"]
[SourceQuality "1"]

1. c4 e6 2. Nc3 d5 3. d4 Nf6 4. cxd5 exd5 5. Bg5 Nbd7 6. e3 Be7 7. Nf3 O-O 8.
Bd3 Re8 9. O-O Nf8 10. Qc2 c6 11. Rae1 Be6 12. Nd2 N6d7 13. Bxe7 Qxe7 14. f4 f6
15. f5 Bf7 16. Nf3 Nb6 17. Qf2 Nc8 18. e4 dxe4 19. Nxe4 Qc7 20. b4 Nb6 21. b5
Nd5 22. bxc6 bxc6 23. Nc5 Qd6 24. Nd2 Rxe1 25. Rxe1 Rb8 26. Ndb3 Re8 27. Ne4
Qf4 28. Bb1 Qxf2+ 29. Kxf2 Nd7 30. Rc1 Nb8 31. Nd6 Rd8 32. Nxf7 Kxf7 33. Be4
Ne7 34. Rc4 g6 35. fxg6+ hxg6 36. Rb4 f5 37. Bf3 Kf6 38. Rb7 Na6 39. h4 Rb8 40.
Rxa7 Nb4 41. Nc5 Rd8 42. Rd7 Rh8 43. Kg3 Nxa2 44. Rd6+ Kf7 45. Nd7 Nb4 46. Ne5+
Ke8 47. Re6 Rh7 48. Bxc6+ Kd8 49. Bf3 Nc2 50. Ra6 Kc8 51. d5 1-0

[Event "Berliner Sommer 15th"]
[Site "Berlin"]
[Date "1997.??.??"]
[Round "1"]
[White "Kharlov, Andrei"]
[Black "Hafner, Christian"]
[Result "0-1"]
[WhiteElo "2565"]
[BlackElo "2035"]
[PlyCount "76"]
[EventDate "1997.08.??"]
[EventType "swiss"]
[EventRounds "9"]
[EventCountry "GER"]
[SourceTitle "CBM 059 ext"]
[Source "ChessBase"]
[SourceDate "1997.09.26"]
[SourceVersion "1"]
[SourceVersionDate "1997.09.26"]
[SourceQuality "1"]

1. d4 d5 2. Nf3 Nf6 3. c4 c6 4. Qb3 Qb6 5. Nc3 Nbd7 6. Qc2 Qc7 7. e3 e6 8. Bd2
Be7 9. cxd5 exd5 10. Bd3 Qd8 11. O-O-O O-O 12. Ng5 h6 13. h4 b5 14. f3 b4 15.
Na4 Qa5 16. Kb1 Nb6 17. Nc5 Nc4 18. Nb3 Qb6 19. Nh7 Nxh7 20. Bxh7+ Kh8 21. Bd3
Nxd2+ 22. Rxd2 a5 23. Nc5 Bxc5 24. dxc5 Qc7 25. g4 Be6 26. Rg1 a4 27. f4 d4 28.
f5 Bxa2+ 29. Ka1 Bb3 30. Qc1 dxe3 31. Re2 a3 32. Rxe3 axb2+ 33. Kxb2 Qh2+ 34.
Re2 Ra2+ 35. Kxb3 Rxe2 36. Bxe2 Qxe2 37. Rg3 Ra8 38. Re3 Qxe3+ 0-1

[Event "Berliner Sommer 15th"]
[Site "Berlin"]
[Date "1997.??.??"]
[Round "4"]
[White "Dergatschova Daus, Anna"]
[Black "Kharlov, Andrei"]
[Result "0-1"]
[WhiteElo "2250"]
[BlackElo "2565"]
[PlyCount "97"]
[EventDate "1997.08.??"]
[EventType "swiss"]
[EventRounds "9"]
[EventCountry "GER"]
[SourceTitle "CBM 059 ext"]
[Source "ChessBase"]
[SourceDate "1997.09.26"]
[SourceVersion "1"]
[SourceVersionDate "1997.09.26"]
[SourceQuality "1"]

1. d4 Nf6 2. Nf3 d6 3. e3 g6 4. Bd3 Bg7 5. O-O O-O 6. b3 e5 7. dxe5 Ng4 8. Bb2
Nc6 9. Nbd2 Ncxe5 10. Rb1 Nxd3 11. cxd3 Ne5 12. d4 Nxf3+ 13. Qxf3 d5 14. Rbc1
Re8 15. Qg3 c6 16. Nf3 Bf5 17. Bc3 Bf8 18. Qh4 Be7 19. Qf4 Ba3 20. Qh6 f6 21.
b4 Bxc1 22. Rxc1 Qe7 23. Nd2 Rad8 24. h4 Qf8 25. Qf4 h5 26. f3 Qd6 27. Qxd6
Rxd6 28. Kf2 Rde6 29. Nf1 Bd3 30. Bd2 Kf7 31. Nh2 b6 32. Rc3 Bc4 33. a3 c5 34.
bxc5 bxc5 35. dxc5 Rc8 36. e4 Rxc5 37. Be3 Ra5 38. exd5 Bxd5 39. Bd2 Rb5 40.
Rc7+ Re7 41. Rc2 Bb3 42. Rc6 Ba4 43. Kg3 Rd5 44. Rc4 Bb3 45. Rb4 Rxd2 46. Rxb3
Ree2 47. Nf1 Rxg2+ 48. Kf4 Rd4+ 49. Ke3 0-1

[Event "Berliner Sommer 15th"]
[Site "Berlin"]
[Date "1997.??.??"]
[Round "6"]
[White "Kharlov, Andrei"]
[Black "Zoler, Dan"]
[Result "1/2-1/2"]
[WhiteElo "2565"]
[BlackElo "2465"]
[PlyCount "85"]
[EventDate "1997.08.??"]
[EventType "swiss"]
[EventRounds "9"]
[EventCountry "GER"]
[SourceTitle "CBM 059 ext"]
[Source "ChessBase"]
[SourceDate "1997.09.26"]
[SourceVersion "1"]
[SourceVersionDate "1997.09.26"]
[SourceQuality "1"]

1. d4 Nf6 2. c4 e6 3. Nf3 d5 4. Nc3 dxc4 5. e3 a6 6. a4 c5 7. Bxc4 Nc6 8. O-O
cxd4 9. exd4 Be7 10. Bg5 O-O 11. Re1 h6 12. Bh4 Nh5 13. Bxe7 Nxe7 14. d5 exd5
15. Nxd5 Nxd5 16. Qxd5 Qxd5 17. Bxd5 Nf4 18. Be4 Rb8 19. g3 Ne6 20. Ne5 g5 21.
Rad1 Kg7 22. a5 Rd8 23. Bd5 Bd7 24. Nxd7 Rxd7 25. Bxe6 Rxd1 26. Rxd1 fxe6 27.
Rd6 Kf6 28. Rb6 g4 29. b4 Rc8 30. Rxb7 Rc1+ 31. Kg2 Rb1 32. Rb6 h5 33. Rxa6
Rxb4 34. Ra8 Rb2 35. a6 Ra2 36. h3 Ra1 37. hxg4 hxg4 38. f4 Kf5 39. Rg8 Ra2+
40. Kg1 Rxa6 41. Rg5+ Ke4 42. Rxg4 Kf3 43. Rg6 1/2-1/2

[Event "National op"]
[Site "Las Vegas"]
[Date "1997.??.??"]
[Round "1"]
[White "Sheaf, Mike"]
[Black "Kharlov, Andrei"]
[Result "1/2-1/2"]
[WhiteElo "2125"]
[BlackElo "2640"]
[PlyCount "121"]
[EventDate "1997.08.03"]
[EventType "swiss"]
[EventRounds "6"]
[EventCountry "USA"]
[SourceTitle "CBM 058 ext"]
[Source "ChessBase"]
[SourceDate "1997.07.29"]
[SourceVersion "1"]
[SourceVersionDate "1997.07.29"]
[SourceQuality "1"]

1. e4 g6 2. d4 Bg7 3. f4 d5 4. e5 h5 5. c3 Nh6 6. Nf3 Bg4 7. Bd3 c6 8. Nbd2 Nf5
9. Bxf5 Bxf5 10. Qe2 Nd7 11. Nb3 Bf8 12. Be3 a5 13. a4 e6 14. O-O Qb6 15. Nc1
Qa6 16. Qf2 Be7 17. Re1 b6 18. Nd2 c5 19. Ne2 c4 20. b3 cxb3 21. Nxb3 Rc8 22.
Rec1 Rc6 23. Ng3 Bd3 24. Qb2 O-O 25. Nh1 Rb8 26. Nf2 Bf5 27. Qa2 Qc8 28. Bd2
Qe8 29. h3 Bh4 30. Be1 Rbc8 31. Qe2 Qd8 32. Kh2 Rc4 33. g3 Be7 34. g4 hxg4 35.
hxg4 Be4 36. Nxe4 dxe4 37. Qxe4 Bh4 38. Bd2 b5 $1 39. Rh1 bxa4 40. Nc1 Nc5 41.
Qe3 Qd5 42. Kg1 Ne4 43. Rxh4 Nxd2 44. Qxd2 Rxc3 45. Ne2 Rc2 46. Rc1 Rxc1+ 47.
Nxc1 Qf3 48. Ne2 Rb8 49. Qc2 a3 50. f5 exf5 51. gxf5 Qxf5 52. Qxf5 gxf5 53. Nc3
Rb3 54. Na2 Rb2 55. Rh2 a4 56. Rf2 Kf8 57. Nc3 Rb4 58. Rc2 a2 59. Nxa2 Ke7 60.
Nc3 Rxd4 61. Ra2 1/2-1/2

[Event "National op"]
[Site "Las Vegas"]
[Date "1997.??.??"]
[Round "3"]
[White "Cooley, Alan"]
[Black "Kharlov, Andrei"]
[Result "0-1"]
[WhiteElo "2195"]
[BlackElo "2640"]
[PlyCount "70"]
[EventDate "1997.08.03"]
[EventType "swiss"]
[EventRounds "6"]
[EventCountry "USA"]
[SourceTitle "CBM 058 ext"]
[Source "ChessBase"]
[SourceDate "1997.07.29"]
[SourceVersion "1"]
[SourceVersionDate "1997.07.29"]
[SourceQuality "1"]

1. d4 d5 2. Nf3 Nf6 3. Bg5 Ne4 4. Bf4 Bf5 5. e3 e6 6. Be2 g5 7. Be5 f6 8. Bg3
h5 9. h3 Nxg3 10. fxg3 Qd6 11. Kf2 Nd7 12. c4 dxc4 13. Nc3 O-O-O 14. Bxc4 Kb8
15. Re1 g4 16. Nh4 gxh3 17. Nxf5 exf5 18. gxh3 h4 19. Qf3 Nb6 20. Bb3 hxg3+ 21.
Kg2 Qd7 22. a4 a5 23. Rh1 Re8 24. Rac1 Bh6 25. Rce1 f4 26. Ne4 fxe3 27. Nxf6
Qxd4 28. Nxe8 Rxe8 29. Re2 Rf8 30. Rd1 Qb4 31. Bf7 Bf4 32. Bg6 Bh6 33. Bf7 Nc8
34. b3 Qe7 35. Rf1 Nd6 0-1

[Event "National op"]
[Site "Las Vegas"]
[Date "1997.??.??"]
[Round "4"]
[White "Kharlov, Andrei"]
[Black "Filatov, Leonid"]
[Result "1-0"]
[WhiteElo "2640"]
[BlackElo "2400"]
[PlyCount "141"]
[EventDate "1997.08.03"]
[EventType "swiss"]
[EventRounds "6"]
[EventCountry "USA"]
[SourceTitle "CBM 058 ext"]
[Source "ChessBase"]
[SourceDate "1997.07.29"]
[SourceVersion "1"]
[SourceVersionDate "1997.07.29"]
[SourceQuality "1"]

1. d4 d5 2. Nf3 e6 3. c4 c6 4. Qb3 Bd6 5. Bg5 f6 6. Bh4 Ne7 7. Bg3 O-O 8. Nc3
Ng6 9. e3 Kh8 10. Bd3 f5 11. Rc1 Qe7 12. Bxd6 Qxd6 13. cxd5 exd5 14. h4 Nd7 15.
h5 Ne7 16. Ne2 Nf6 17. Nf4 b6 18. Qa3 Qxa3 19. bxa3 Ng4 20. Ke2 Bd7 21. a4 Rae8
22. Ne1 Kg8 23. Ba6 g5 24. hxg6 hxg6 25. f3 Nf6 26. Ned3 g5 27. Nh5 Ng6 28. Kd2
Kf7 29. Nxf6 Kxf6 30. Bb7 Rh8 31. Rxh8 Rxh8 32. Bxc6 Be6 {[#]This endgame is
worth studying.} 33. Ke2 Rc8 34. Bb5 Rxc1 35. Nxc1 Ke7 36. a5 Bd7 37. Bd3 Kd6
38. axb6 axb6 39. g4 Ne7 40. gxf5 Nxf5 41. Kf2 Ke7 42. Ne2 Nd6 43. Nc3 Bc6 44.
e4 Ke6 45. Ke3 Nf7 46. Bc2 dxe4 47. Bb3+ Ke7 48. Bxf7 Kxf7 49. fxe4 Kf6 50. d5
Be8 51. Ne2 Ke5 52. Nd4 Bd7 53. Nf3+ Kf6 54. Ne1 Ke5 55. Nd3+ Kf6 56. a3 Be8
57. Nb4 Bd7 58. Nd3 Bc8 59. Nb2 Ba6 60. Na4 b5 61. Nc5 Bc8 62. Kd4 g4 63. e5+
Kf5 64. e6 g3 65. Ke3 Kf6 66. Kf3 Ke7 67. Kxg3 Kd6 68. Kf4 Kxc5 69. Ke5 Kb6 70.
Kd6 b4 71. e7 1-0

[Event "Leeuwarden op"]
[Site "Leeuwarden"]
[Date "1997.??.??"]
[Round "1"]
[White "Van der Weide, Karel"]
[Black "Kharlov, Andrei"]
[Result "1/2-1/2"]
[WhiteElo "2375"]
[BlackElo "2565"]
[PlyCount "88"]
[EventDate "1997.11.08"]
[EventType "swiss"]
[EventRounds "9"]
[EventCountry "NED"]
[SourceTitle "EXT 1999"]
[Source "ChessBase"]
[SourceDate "1998.11.10"]
[SourceVersion "1"]
[SourceVersionDate "1998.11.10"]
[SourceQuality "1"]

1. e4 c5 2. Nf3 Nc6 3. d3 g6 4. g3 Bg7 5. Bg2 d6 6. O-O Bg4 7. h3 Bxf3 8. Qxf3
e6 9. c3 Nge7 10. Be3 b5 11. Nd2 O-O 12. Rac1 b4 13. Nc4 Rb8 14. Rfd1 bxc3 15.
bxc3 Na5 16. Qe2 Nxc4 17. dxc4 Qc7 18. f4 Rb6 19. Qd3 Rfb8 20. Rc2 Bf8 21. Rcd2
Ra6 22. h4 Bg7 23. g4 Qa5 24. Rc2 Qa4 25. h5 Nc6 26. g5 Na5 27. Bf1 Rab6 28. h6
Bf8 29. Rcd2 Rb2 30. e5 Rxd2 31. Rxd2 dxe5 32. fxe5 Nc6 33. Qe4 Rc8 34. Qf4 Ne7
35. Bh3 Qc6 36. Rd6 Qb7 37. Rxe6 Nf5 38. Bxf5 gxf5 39. Rf6 Rd8 40. Rxf5 Rd1+
41. Kf2 Qh1 42. Kg3 Rd3 43. Kf2 Rd1 44. Kg3 Rd3 1/2-1/2

[Event "Leeuwarden op"]
[Site "Leeuwarden"]
[Date "1997.??.??"]
[Round "2"]
[White "Kharlov, Andrei"]
[Black "Bosch, Jeroen"]
[Result "0-1"]
[WhiteElo "2565"]
[BlackElo "2405"]
[PlyCount "114"]
[EventDate "1997.11.08"]
[EventType "swiss"]
[EventRounds "9"]
[EventCountry "NED"]
[SourceTitle "EXT 1999"]
[Source "ChessBase"]
[SourceDate "1998.11.10"]
[SourceVersion "1"]
[SourceVersionDate "1998.11.10"]
[SourceQuality "1"]

1. d4 Nf6 2. c4 e6 3. Nc3 Bb4 4. Qc2 d5 5. cxd5 Qxd5 6. Nf3 Qf5 7. Qxf5 exf5 8.
Bd2 Be6 9. e3 a6 10. Ng5 Nbd7 11. Nxe6 fxe6 12. Bc4 Ke7 13. a3 Bd6 14. O-O c5
15. Rfe1 Rac8 16. Ba2 Rhe8 17. f3 Kf7 18. Rad1 cxd4 19. exd4 Nb6 20. Re2 Nc4
21. Be1 Nd5 22. Nxd5 exd5 23. Rc2 b5 24. Bf2 a5 25. g3 a4 26. Rd3 Kf6 27. g4 g5
28. gxf5 Kxf5 29. Rdc3 Kf6 30. Rd3 Rc7 31. h3 Rce7 32. Kf1 Rc8 33. Kg1 Rce8 34.
Kf1 h6 35. Rd1 Bf4 36. Rd3 Rc8 37. Kg1 Rce8 38. Kf1 h5 39. Rd1 h4 40. Bxc4 bxc4
41. Re1 Rxe1+ 42. Bxe1 Re3 43. Kf2 Rd3 44. Ke2 Re3+ 45. Kf2 Rd3 46. Ke2 Be3 47.
Rc3 Bxd4 48. Rxd3 cxd3+ 49. Kxd3 Bxb2 50. Bb4 Kf5 51. Ke3 Ke5 52. Be7 Bc1+ 53.
Ke2 Kd4 54. Bf6+ Kc4 55. Kd1 Bf4 56. Kc2 d4 57. Be7 d3+ 0-1